DIVINE DECLARATION AWAKEN TO YOUR DIVINE (Record no. 7347)

MARC details
000 -LEADER
fixed length control field 00356nam a2200133Ia 4500
008 - FIXED-LENGTH DATA ELEMENTS--GENERAL INFORMATION
fixed length control field 240624s9999 xx 000 0 und d
041 ## - LANGUAGE CODE
Language code of text/sound track or separate title eng
082 ## - DEWEY DECIMAL CLASSIFICATION NUMBER
Classification number 158.1 ROB
100 ## - MAIN ENTRY--PERSONAL NAME
Personal name ROBINSON W JANE
245 ## - TITLE STATEMENT
Title DIVINE DECLARATION AWAKEN TO YOUR DIVINE
260 ## - PUBLICATION, DISTRIBUTION, ETC.
Date of publication, distribution, etc. 2007
Place of publication, distribution, etc. New Delhi
Name of publisher, distributor, etc. Macmillan India
300 ## - PHYSICAL DESCRIPTION
Extent xii, : 234 : p. : cm. ; 25
365 ## - TRADE PRICE
Currency code RS
Price amount 32
Holdings
Withdrawn status Lost status Damaged status Not for loan Home library Current library Shelving location Date acquired Source of acquisition Cost, normal purchase price Total Checkouts Full call number Barcode Date due Date last seen Date last checked out Copy number Price effective from Koha item type
        IMTN IMTN Rack 1-B 11/20/2007 AP 265.00 1 158.1 ROB 7347 01/24/2026 01/14/2026 01/14/2026 1 06/24/2024 Books
Designed & Maintained by: LRC IMT Nagpur Contact: lrc@imtnag.ac.in© 2024. All Rights Reserved.